Personnage SNK - Statistics

General Stats
  • This quiz has been taken 546 times
  • The average score is 37 of 89
Answer Stats
# Personnage % Correct
1 Jäger Eren
100%
72 Kruger Eren
100%
2 Ackerman Mikasa
99%
7 Ackerman Livaï
97%
3 Arlet Armin
97%
10 Kirstein Jean
93%
8 Braus Sasha
91%
14 Braun Reiner
89%
17 Smith Erwin
89%
13 Springer Connie
88%
71 Fritz Ymir
85%
11 Leonhart Annie
85%
16 Reiss Historia
83%
18 Ymir
83%
9 Zoe Hansi
82%
15 Hoover Bertolt
80%
57 Braun Gaby
77%
55 Jäger Sieg
75%
56 Gleis Falco
73%
5 Jäger Grisha
72%
77 Fritz Karl
71%
45 Ackerman Kenny
66%
23 Bott Marco
65%
12 Pixis Dot
61%
59 Finger Peak
60%
60 Galliard Porco
57%
19 Ral Petra
57%
6 Jäger Carla
52%
49 Reiss Rhodes
50%
38 Forster Floch
48%
48 Reiss Frieda
48%
4 Hannes
47%
50 Reiss Uli
41%
25 Zakarius Mike
40%
76 1er Roi Fritz
39%
53 Jäger Dinah
39%
67 Jelena
39%
82 Titan Colossal
39%
64 Magath Theo
38%
85 Titan Cuirassé
38%
30 Shadis Keith
37%
88 Titan Féminin
37%
86 Titan Marteau
37%
81 Titan Assaillant
36%
84 Titan Bestial
36%
83 Titan Machoire
36%
80 Titan Originel
36%
58 Gaillard Marcel
35%
87 Titan Charette
35%
68 Onyankopon
32%
65 Teyber Willy
32%
27 Dreyse Hitch
29%
69 Nicolo
29%
74 Xaver Tom
29%
39 Nanaba
28%
32 Wagner Thomas
28%
61 Gleis Kord
25%
28 Freudenberg Marlo
24%
66 Teyber Lara
24%
22 Berner Moblit
23%
24 Carolina Mina
23%
62 Sophia
22%
29 Zackley Darius
22%
20 Gin Erd
21%
63 Udo
21%
21 Bossard Oruo
18%
36 Daz
17%
31 Pasteur Nick
16%
75 Azumabito Kiyomi
15%
37 Mr. Leonhart
15%
52 Braus Arthur
14%
26 Dawk Nile
14%
33 Brzenska Rico
13%
42 Magnolia Isabel
11%
35 Reeves Dimo
10%
47 Reeves Flegel
10%
43 Bean
9%
70 Kaya
8%
89 Titan du Mur
8%
41 Church Furlan
7%
54 Jäger Faye
7%
40 Rheinberger Anka
7%
44 Sawney
5%
34 Verman Kitts
5%
78 Luise
4%
51 Alma
3%
79 Hélos
3%
46 Traute Caven
3%
73 Gross
2%
No matching quizzes found
Score Distribution
Percent of People with Each Score
Percentile by Number Answered
Your Score History
You have not taken this quiz